Responses for show #3152 - Tuesday, April 21, 1998

Contestants

Tony Reece, a television editor from Los Angeles, California

Nina Mulligan, a homemaker from Belchertown, Massachusetts

Bill Barnett, an academic record keeper from Westminster, Maryland (whose 1-day cash winnings total $12,400)

Jeopardy! Round responses

THE UNITED NATIONS
UNMENTIONABLES
PRESIDENTIAL NICKNAMES
LET'S PLAY POKER
COACHES
CATCHING SOME "Z"s
    $100 13
Arafat

Bill
    $100 1
Calvin Klein

Tony
    $100 8
Abraham Lincoln

Bill
    $100 6
clockwise

Bill
    $100 18
figure skating

Bill
    $100 23
(Tony: What are gazelles?)

zebras

BillTony
    $200 14
Afghanistan

Bill
    $200 2
Fruit of the Loom

Bill
    $200 9
Ronald Reagan

Nina
    $200 7
a wildcard

Nina
    $200 19
Pete Sampras

Tony
    $200 24
a Zinnia

Bill
    $300 15
(Bill: What is the U.N. Headquarters?)
...
(Alex: What is [*]? The category is about the U.N.)
(Bill: Right.)

the Secretariat Building

Bill
Triple Stumper
    $300 3
Victoria's Secret

Nina
    $300 10
(Tony: Who is Zachary Tyler?)
(Alex: Ye--say it again?)
(Tony: Who is Zachary Tay--?)
(Alex: No. No, sorry. Nina.)
(Nina: Who was Zachary... [hesitates, bends forward in laughter, then blurts out the correct last name, then raises one hand to second-guess herself, but before she does, Alex rules her correct]?)
(Alex: [*], yes. Tyler was another president.)

Zachary Taylor

NinaTony
    $300 28
stud

Nina
    $300 20
(Bob) Kersee

Nina
    $300 25
zeta

Tony
    $400 16
Dag Hammarskjöld

Triple Stumper
    $400 4
Frederick's of Hollywood

Nina
    $400 12
Teddy Roosevelt

Triple Stumper
    $400 29
a royal flush

Nina
    $400 21
Dean Smith

Tony
    $400 26
Zapata

Nina
    $500 17
Ralph Bunche

Nina
    $500 5
a union suit

Bill
    $500 11
(Martin) Van Buren

Nina
    $500 30
(Tony: What's the World Championships of Poker?)
(Alex: Oh, gosh. Nope, sorry. Bill or Nina? Bill.)
(Bill: What's the World Championship of Poker?)
(Alex: Nope, that's what Tony said. And that'll cost you $500 just as it did with him. The correct response--What is [*]? So we have Tony at $600, Bill at $1300, Nina with the lead--notice she didn't ring in on that last clue.)
[The audience groans]
(Alex: We'll take a break and we'll come back and play Double Jeopardy! right after this. She knows how to play poker!)

the World Series of Poker

BillTony
Triple Stumper
    $500 22
Bela Karolyi

Tony
    $500 27
(Darryl) Zanuck

Bill

Scores at the first commercial break (after clue 16):

Bill Nina Tony
$900 $1,900 -$200

Scores at the end of the Jeopardy! Round:

Bill Nina Tony
$1,300 $3,800 $600

Double Jeopardy! Round responses

THE "JAMES" GANG
L.A.'s SISTER CITIES
KIDS' GAME SHOWS
SPURS
LINES FROM LONGFELLOW
MUSICALS BY ANY OTHER NAME
    $200 6
James Earl Ray

Tony
    $200 26
(Nina: Uh, what is Columbus?)

Athens

BillNina
    $200 1
Double Dare

Tony
    $200 16
the spur of the moment

Tony
    $200 19
Minnehaha

Triple Stumper
    $200 11
Annie Get Your Gun

Bill
    $400 7
James Boswell

Bill
    $400 27
Israel

Tony
    $400 2
2000

Tony
    $400 17
San Antonio

Tony
    $400 20
the curl on her forehead

Bill
    $400 12
Kiss Me, Kate

Nina
    $600 8
James Brolin

Bill
    $400 28
Brazil

Tony
    $600 3
[ERRATUM: The follow-up show actually premiered in Fall 1996.]

Time

Nina
    $600 18
bone spurs

Nina
    $600 22
Tales from a Wayside Inn

Triple Stumper
    $600 13
Cats

Bill
    $800 9
James Watt

Nina
    $800 29
(Tony: Uh, what is the Ukraine?)

Lithuania

Tony
Triple Stumper
    $800 4
Hollywood Squares

Nina
    $800 21
Unforgiven

Nina
    $800 24
footprints

Bill
    $800 14
Paint Your Wagon

Bill
    $1000 10
James Beard

Nina
    $1000 30
Auckland, New Zealand

Triple Stumper
    $1000 5
(Bill: What is Kids Say the Darndest Things?)
(Alex: Nope. Nina or Tony? This show was not Art Linkletter. This was [*].)

The Quiz Kids

Bill
Triple Stumper
    $1000 23
the Battle of Crecy

Triple Stumper
    $1,500 25
(Bill: What is the Statue of Liberty?)

Florence Nightingale

Bill
    $1000 15
Bells Are Ringing

Triple Stumper

Scores at the end of the Double Jeopardy! Round:

Bill Nina Tony
$2,800 $8,600 $2,000
(lock game)

[wagering suggestions for these scores]

Final Jeopardy! Round responses

MEDICINE 1998
[ERRATUM: "Acetaminophen" was misspelled in the clue.]
(Alex: I'm so happy that I have never suffered from this malady, and I sympathize with those who have.)
TonyWhat is heart attack?
$1,001
BillWhat is heart disease?
$2,800
NinaWhat is migraine?
$2,500
migraine headaches

Final scores:

Bill Nina Tony
$0 $11,100 $999
3rd place: the Motorla StarTac cellular phone New champion: $11,100 2nd place: a trip to Los Cabos, Mexico for 5 nights on Mexicana Airlines

Game dynamics:

Coryat scores:

Bill Nina Tony
$4,300 $8,600 $2,200
18 R,
4 W
(including 1 DD)
18 R,
1 W
12 R
(including 2 DDs),
4 W

Combined Coryat: $15,100

The J! Archive is created by fans, for fans. The Jeopardy! game show and all elements thereof, including but not limited to copyright and trademark thereto, are the property of Jeopardy Productions, Inc. and are protected under law. This website is not affiliated with, sponsored by, or operated by Jeopardy Productions, Inc. Join the discussion at JBoard.tv.